[Event "Staufer op 25th"]
[Site "Schwaebisch Gmuend"]
[Date "2013.01.02"]
[Round "1"]
[White "Schlachetzki, Horst"]
[Black "Krivoborodov, Egor"]
[Result "0-1"]
[WhiteElo "1919"]
[BlackElo "2513"]
[PlyCount "106"]
[EventDate "2013.01.02"]
[EventType "swiss"]
[EventRounds "9"]
[EventCountry "GER"]
[SourceTitle "CBM 152 Extra"]
[Source "ChessBase"]
[SourceDate "2013.02.25"]
[SourceVersion "1"]
[SourceVersionDate "2013.02.25"]
[SourceQuality "1"]

1. e4 c5 2. Nf3 Nc6 3. d4 cxd4 4. Nxd4 Nf6 5. Nc3 d6 6. Bg5 Qb6 7. Nb3 e6 8. Be3 Qc7 9. Be2 Be7 10. 0-0 0-0 11. f4 a6 12. a4 b6 13. Bf3 Bb7 14. Qd2 Nd7 15. Qf2 Nc5 16. Nd4 Nb4 17. Rfd1 Rac8 18. Rd2 Qb8 19. Kh1 Qa8 20. e5 dxe5 21. Bxb7 Qxb7 22. fxe5 Rc7 23. Rf1 Ne4 24. Nxe4 Qxe4 25. Qf4 Qg6 26. Nf3 Nd5 27. Rxd5 exd5 28. Nd4 Bc5 29. c3 Bxd4 30. Bxd4 Rc6 31. Qf2 Qd3 32. Kg1 Ra8 33. h3 Qg6 34. Qf3 Qe4 35. Qf2 Rg6 36. Kh1 h6 37. Kh2 h5 38. Qf3 Qc2 39. Rf2 Qxa4 40. Qxh5 Qc6 41. Qf5 Qe6 42. Qf3 a5 43. Qd3 Qc6 44. Qe3 b5 45. Rf3 Rc8 46. Qf2 Qe6 47. Qd2 Rc4 48. Qe2 a4 49. Qd2 Qe7 50. Qf2 b4 51. cxb4 Qxb4 52. Bc3 Qe7 53. Qb6 Rxb6 0-1

[Event "Stuttgart-chA int"]
[Site "Ditzingen"]
[Date "2009.05.23"]
[Round "6"]
[White "Koenig, Dirk"]
[Black "Schlachetzki, Horst"]
[Result "1-0"]
[WhiteElo "2108"]
[BlackElo "1927"]
[PlyCount "61"]
[EventDate "2009.05.21"]
[EventType "swiss"]
[EventRounds "7"]
[EventCountry "GER"]
[SourceTitle "EXT 2018"]
[Source "ChessBase"]
[SourceDate "2017.10.13"]
[SourceVersion "1"]
[SourceVersionDate "2017.10.13"]
[SourceQuality "1"]

1. f4 c5 2. Nf3 d5 3. b3 Nf6 4. Bb2 Nc6 5. e3 a6 6. Be2 b5 7. a4 b4 8. 0-0 e6 9. d3 Be7 10. Ne5 Bb7 11. Nd2 0-0 12. Qe1 Nd7 13. e4 f6 14. Nxc6 Bxc6 15. Bg4 dxe4 16. Bxe6+ Kh8 17. dxe4 a5 18. Rd1 Qc7 19. Qh4 Nb6 20. Bf5 h6 21. Nf3 c4 22. Bd4 c3 23. Ng5 Qb7 24. Ne6 Rg8 25. Qg4 Be8 26. Rd3 Bf7 27. Rg3 Qc6 28. Kh1 Rab8 29. Rd1 Na8 30. e5 Nc7 31. Nxg7 1-0

[Event "Stuttgart-chA int"]
[Site "Ditzingen"]
[Date "2009.05.22"]
[Round "4"]
[White "Schlachetzki, Horst"]
[Black "Meyner, Hannes"]
[Result "0-1"]
[WhiteElo "1927"]
[BlackElo "2122"]
[PlyCount "78"]
[EventDate "2009.05.21"]
[EventType "swiss"]
[EventRounds "7"]
[EventCountry "GER"]
[SourceTitle "EXT 2018"]
[Source "ChessBase"]
[SourceDate "2017.10.13"]
[SourceVersion "1"]
[SourceVersionDate "2017.10.13"]
[SourceQuality "1"]

1. e4 c6 2. d4 d5 3. Nc3 dxe4 4. Nxe4 Bf5 5. Ng3 Bg6 6. h4 h6 7. Nf3 Nd7 8. h5 Bh7 9. Bd3 Bxd3 10. Qxd3 e6 11. Bd2 Ngf6 12. 0-0-0 Be7 13. Kb1 0-0 14. Ne4 Nxe4 15. Qxe4 Nf6 16. Qe2 Qd5 17. Ne5 Qe4 18. Qxe4 Nxe4 19. Be3 Rfd8 20. g4 c5 21. dxc5 Bxc5 22. Bxc5 Nxc5 23. f3 f6 24. Ng6 e5 25. Kc1 Ne6 26. c3 Ng5 27. f4 exf4 28. Nxf4 Rac8 29. Rxd8+ Rxd8 30. Re1 Kf7 31. Ng6 Ne6 32. Kc2 Rd6 33. Re4 Ra6 34. a4 Ra5 35. b3 f5 36. Ne5+ Kf6 37. Nd7+ Ke7 38. gxf5 Rxf5 39. Re5 Rf2+ 0-1

[Event "Stuttgart-chA int"]
[Site "Ditzingen"]
[Date "2008.05.01"]
[Round "2"]
[White "Schlachetzki, Horst"]
[Black "Winkler, Stefan2222"]
[Result "0-1"]
[WhiteElo "1968"]
[BlackElo "1824"]
[PlyCount "50"]
[EventDate "2008.05.01"]
[EventType "swiss"]
[EventRounds "7"]
[EventCountry "GER"]
[SourceTitle "EXT 2018"]
[Source "ChessBase"]
[SourceDate "2017.10.13"]
[SourceVersion "1"]
[SourceVersionDate "2017.10.13"]
[SourceQuality "1"]

1. e4 e6 2. d4 d5 3. Nc3 Bb4 4. e5 c5 5. a3 Ba5 6. Bd2 cxd4 7. Nb5 Bc7 8. f4 Nc6 9. Nf3 Nge7 10. Bd3 Nf5 11. Bxf5 exf5 12. Nbxd4 0-0 13. 0-0 Bb6 14. Bc3 f6 15. exf6 Qxf6 16. Kh1 Qh6 17. Ng5 Ne5 18. Nxf5 Rxf5 19. Bxe5 Be6 20. Nxe6 Qxe6 21. Qg4 Rxe5 22. Qg3 Re2 23. f5 Qe5 24. Qg4 Bc7 25. Qh3 Rf8 0-1

[Event "Stuttgart-chA int"]
[Site "Gerlingen"]
[Date "2007.05.18"]
[Round "4"]
[White "Reichert, Manuel"]
[Black "Schlachetzki, Horst"]
[Result "0-1"]
[WhiteElo "1810"]
[BlackElo "1984"]
[PlyCount "48"]
[EventDate "2007.05.17"]
[EventType "swiss"]
[EventRounds "7"]
[EventCountry "GER"]
[SourceTitle "EXT 2018"]
[Source "ChessBase"]
[SourceDate "2017.10.13"]
[SourceVersion "1"]
[SourceVersionDate "2017.10.13"]
[SourceQuality "1"]

1. c4 Nf6 2. Nc3 e5 3. g3 Nc6 4. Bg2 Bb4 5. e3 Bxc3 6. bxc3 0-0 7. d4 e4 8. c5 d5 9. cxd6 Qxd6 10. Ne2 b6 11. Qa4 Re8 12. Ba3 Qd7 13. Nf4 Na5 14. Qxd7 Bxd7 15. Rb1 g5 16. Ne2 a6 17. h4 h6 18. hxg5 hxg5 19. Nc1 Nc4 20. Bb2 Kg7 21. Bf1 Be6 22. Nb3 a5 23. Bxc4 Bxc4 24. Kd2 Rh8 0-1

[Event "Stuttgart-chA int"]
[Site "Ditzingen"]
[Date "2006.05.27"]
[Round "5"]
[White "Schlachetzki, Horst"]
[Black "Baumstark, Thomas"]
[Result "0-1"]
[WhiteElo "1990"]
[BlackElo "2214"]
[PlyCount "70"]
[EventDate "2006.05.25"]
[EventType "swiss"]
[EventRounds "7"]
[EventCountry "GER"]
[SourceTitle "EXT 2018"]
[Source "ChessBase"]
[SourceDate "2017.10.13"]
[SourceVersion "1"]
[SourceVersionDate "2017.10.13"]
[SourceQuality "1"]

1. e4 c5 2. Nf3 e6 3. d4 cxd4 4. Nxd4 Nc6 5. Nb5 d6 6. c4 Nf6 7. N1c3 a6 8. Na3 Be7 9. Be3 0-0 10. Be2 b6 11. 0-0 Bb7 12. f4 Rc8 13. Bf3 Na5 14. Qe2 Qc7 15. Rac1 Nxc4 16. Nxc4 Qxc4 17. Nd5 Bxd5 18. Rxc4 Bxc4 19. Qf2 Bxf1 20. Kxf1 b5 21. Qd2 d5 22. exd5 Nxd5 23. Bxd5 Rfd8 24. Qa5 Rxd5 25. Qxa6 Rc2 26. Qa8+ Rd8 27. Qf3 Rxb2 28. Bb6 Rc8 29. Be3 Rxa2 30. Qb7 Rd8 31. Qf3 b4 32. Ke1 b3 33. Bd4 Bb4+ 34. Kf1 Rxd4 35. Qxb3 Rxf4+ 0-1

[Event "Stuttgart-chA int"]
[Site "Ditzingen"]
[Date "2006.05.25"]
[Round "1"]
[White "Schlachetzki, Horst"]
[Black "Michna, Christian"]
[Result "0-1"]
[WhiteElo "1990"]
[BlackElo "2268"]
[PlyCount "102"]
[EventDate "2006.05.25"]
[EventType "swiss"]
[EventRounds "7"]
[EventCountry "GER"]
[SourceTitle "EXT 2018"]
[Source "ChessBase"]
[SourceDate "2017.10.13"]
[SourceVersion "1"]
[SourceVersionDate "2017.10.13"]
[SourceQuality "1"]

1. e4 c5 2. Nf3 Nc6 3. d4 cxd4 4. Nxd4 Nf6 5. Nc3 e6 6. Nxc6 bxc6 7. e5 Nd5 8. Ne4 c5 9. c4 Nb4 10. a3 Bb7 11. Nd6+ Bxd6 12. exd6 Nc6 13. Be3 Qf6 14. Bxc5 Qxb2 15. Rb1 Qc3+ 16. Qd2 Qxd2+ 17. Kxd2 Ba6 18. f4 0-0 19. Bd3 Na5 20. Bb4 Nxc4+ 21. Bxc4 Bxc4 22. Rhc1 Bd5 23. Rc7 Bc6 24. Ba5 f6 25. Ke3 Rf7 26. g3 e5 27. Rd1 Ba4 28. Rdc1 exf4+ 29. Kxf4 Rff8 30. R1c4 Bb3 31. Rb4 Be6 32. Rbb7 a6 33. h4 g6 34. Bc3 h6 35. Ke3 Kf7 36. Kd4 Rfb8 37. Ba5 Bg4 38. Kc5 Rxb7 39. Rxb7 Ke6 40. Rb1 Bf3 41. Re1+ Kf5 42. Re7 Rb8 43. Bb6 Bc6 44. Rh7 h5 45. Rh6 Re8 46. Kd4 Re5 47. Bc7 Re4+ 48. Kd3 Ra4 49. Ke2 Rxa3 50. Kf2 Ra2+ 51. Ke3 Rg2 0-1

[Event "Staufer op 18th"]
[Site "Schwaebisch Gmuend"]
[Date "2006.01.02"]
[Round "1"]
[White "Schlachetzki, Horst"]
[Black "Kupreichik, Viktor D"]
[Result "0-1"]
[WhiteElo "1976"]
[BlackElo "2445"]
[PlyCount "54"]
[EventDate "2006.01.02"]
[EventType "swiss"]
[EventRounds "9"]
[EventCountry "GER"]
[SourceTitle "EXT 2007"]
[Source "ChessBase"]
[SourceDate "2006.11.23"]
[SourceVersion "1"]
[SourceVersionDate "2006.11.23"]
[SourceQuality "1"]

1. e4 c5 2. Nf3 Nc6 3. d4 cxd4 4. Nxd4 Nf6 5. Nc3 d6 6. Bg5 e6 7. Qd2 a6 8. 0-0-0 Bd7 9. f3 h6 10. Be3 h5 11. h4 Ne5 12. g4 hxg4 13. f4 Ng6 14. Bf2 Qc7 15. Bg2 0-0-0 16. Kb1 e5 17. Nde2 Bc6 18. f5 Ne7 19. Ng3 d5 20. exd5 Nexd5 21. Nxd5 Nxd5 22. Ka1 Be7 23. Qe1 Nb4 24. Rxd8+ Rxd8 25. Qf1 Bxg2 26. Qxg2 Qxc2 27. Qf1 Nd3 0-1

[Event "Stuttgart-chA int"]
[Site "Ditzingen"]
[Date "2005.05.07"]
[Round "6"]
[White "Schlachetzki, Horst"]
[Black "Weise, Martin"]
[Result "0-1"]
[WhiteElo "1992"]
[BlackElo "2180"]
[PlyCount "80"]
[EventDate "2005.05.05"]
[EventType "swiss"]
[EventRounds "7"]
[EventCountry "GER"]
[SourceTitle "EXT 2018"]
[Source "ChessBase"]
[SourceDate "2017.10.13"]
[SourceVersion "1"]
[SourceVersionDate "2017.10.13"]
[SourceQuality "1"]

1. e4 e6 2. d4 d5 3. Nc3 Nf6 4. e5 Nfd7 5. f4 c5 6. Nf3 Nc6 7. Be3 cxd4 8. Nxd4 Bc5 9. Qd2 0-0 10. 0-0-0 a6 11. Qf2 Nxd4 12. Bxd4 Qe7 13. Bd3 Bxd4 14. Qxd4 Nc5 15. f5 Nxd3+ 16. Rxd3 Qg5+ 17. Kb1 Qxf5 18. h4 f6 19. exf6 Qxf6 20. Qc5 Bd7 21. Rf3 Qg6 22. Qd4 Rxf3 23. gxf3 Qf6 24. Qg4 Bc6 25. Ne2 e5 26. Rg1 Rf8 27. h5 h6 28. b3 Rf7 29. Rg3 Bd7 30. Qb4 Bf5 31. Qc5 Qc6 32. Qxc6 bxc6 33. Kb2 d4 34. Nc1 Rf6 35. b4 Kf7 36. Nb3 g6 37. Nc5 gxh5 38. Nxa6 Rg6 39. Rxg6 Kxg6 40. Nc5 h4 0-1

[Event "Stuttgart-chA int"]
[Site "Ditzingen"]
[Date "2005.05.05"]
[Round "2"]
[White "Schlachetzki, Horst"]
[Black "Kubannek, Fabian"]
[Result "1-0"]
[WhiteElo "1992"]
[BlackElo "1635"]
[PlyCount "47"]
[EventDate "2005.05.05"]
[EventType "swiss"]
[EventRounds "7"]
[EventCountry "GER"]
[SourceTitle "EXT 2018"]
[Source "ChessBase"]
[SourceDate "2017.10.13"]
[SourceVersion "1"]
[SourceVersionDate "2017.10.13"]
[SourceQuality "1"]

1. e4 e5 2. Nf3 Nc6 3. Bb5 a6 4. Ba4 d6 5. 0-0 g6 6. c3 Bg7 7. d4 exd4 8. cxd4 Bd7 9. Nc3 Nge7 10. Be3 0-0 11. h3 Na5 12. Bc2 f5 13. Bg5 Nac6 14. Re1 Bf6 15. Bb3+ Kh8 16. e5 Bxg5 17. Nxg5 Kg7 18. exd6 cxd6 19. Be6 Rf6 20. d5 Ne5 21. f4 Nc4 22. Qd4 Nb6 23. Nxh7 Ng8 24. Bxg8 1-0

[Event "Boeblingen op 17th"]
[Site "Boeblingen"]
[Date "2000.12.30"]
[Round "9"]
[White "Schlachetzki, Horst"]
[Black "Baramidze, David"]
[Result "0-1"]
[WhiteElo "2073"]
[BlackElo "2224"]
[PlyCount "90"]
[EventDate "2000.12.27"]
[EventType "swiss"]
[EventRounds "9"]
[EventCountry "GER"]
[SourceTitle "EXT 2006"]
[Source "ChessBase"]
[SourceDate "2005.11.24"]
[SourceVersion "1"]
[SourceVersionDate "2005.11.24"]
[SourceQuality "1"]

1. e4 c5 2. Nf3 d6 3. d4 cxd4 4. Nxd4 Nf6 5. Nc3 a6 6. Bc4 Qc7 7. Bb3 Nc6 8. 0-0 Na5 9. Bg5 Nxb3 10. Nxb3 e6 11. a4 b6 12. Re1 Be7 13. f3 0-0 14. Qe2 Bb7 15. Kh1 h6 16. Bh4 Nxe4 17. Bxe7 Nxc3 18. Bxd6 Qxd6 19. bxc3 Qc7 20. c4 Rac8 21. c5 bxc5 22. c4 Qb6 23. Nd2 Ba8 24. a5 Qc7 25. Qe5 Rfd8 26. Nb3 Qc6 27. h3 Rd3 28. Re3 f6 29. Qxe6+ Qxe6 30. Rxe6 Rxb3 31. Rxa6 Re8 32. Ra7 Rb7 33. Ra6 Kf8 34. Rd1 Rbe7 35. Kh2 Rb8 36. Rdd6 Ke8 37. Kg3 Rd7 38. Rxd7 Kxd7 39. Ra7+ Ke6 40. Rxg7 Rb4 41. Ra7 Bc6 42. Ra6 Kd6 43. Kf4 Rxc4+ 44. Kf5 Rb4 45. Kxf6 c4 0-1